Movies in a Blender IV Quiz Stats

 Plays Quiz not verified by Sporcle

Support Sporcle.
Go Orange.
Score 0/8 Timer 05:00
0 Plays Today
Movie Description Blended Movie Title % Correct
Tommy Lee Jones and Javier Bardem join Walter Matthau and Jack Lemmon as old-timers who stumble upon a stash of heroin and some dead bodies.No Country for Grumpy Old Men
80.2%
Steve Martin and Bonnie Hunt are the proud parents of twelve precocious children, whom they train to assasinate Nazis. Charles Bronson and Ernest Borgnine co-star.Cheaper by the Dirty Dozen
76.6%
In this comic-book tearjerker, Wolverine and Storm try to protect migrant workers Lenny and George so they can buy a farm and raise rabbits. Of Mice and X-Men
69.4%
Oliver Stone directs Charlie Sheen and a hard-working robot; 'Greed is Good' is seen ironically, as we see a future world full of trash.Wall-E Street
65.8%
Paul Rudd needs a best man for his wedding; he settles on a recently-thawed prehistoric Brendan Fraser.I Love You Encino Man
62.2%
Cuba Gooding, Jr., stars in this gritty drama about a high school student trying to make it in a neighborhood filled with drugs, violence, and a band of merry men.Boyz in the Robin Hood
56.8%
Danny DeVito is a student who decides to 'criss cross' murders with instructor Billy Crystal; this murder is perfomed to the music of ABBA.Throw Momma Mia From the Train
55%
In this adaptation of an Edward Albee play, George and Martha argue about their son, played by Michael J. Fox, who has a startling transformation when he becomes angry.Who's Afraid of Teen Virginia Wolf
29.7%

You're not logged in!

Compare scores with friends on all Sporcle quizzes.
OR
Log In

From the Vault

1920s Blitz

by Hejman

We've gotten to the point where referring to the '20s is more likely the 2020s than this decade.
Remove Ads.
Support Sporcle.
Get the best of Sporcle when you Go Orange. This ad-free experience offers more features, more stats, and more fun while also helping to support Sporcle. Thank you for becoming a member.

Show Comments

Extras

Created Mar 16, 2011ReportNominate
Tags:Movie Titles Quiz

Top Quizzes Today


Score Distribution

Your Account Isn't Verified!

In order to create a playlist on Sporcle, you need to verify the email address you used during registration. Go to your Sporcle Settings to finish the process.

Report this User

Report this user for behavior that violates our Community Guidelines.

Details: